000 01362nam a22003137a 4500
005 20170721094111.0
010 _a1516EN07 ENG-114791
020 _c495.00
_a9780674427839
035 _aEN-98323
035 _aB-604376-383
035 _aB-667419
037 _bAakar/ven
_aDPL
037 _bDBAD/PUB
082 _a821
100 _aSurdas
245 _aSUR'S OCEAN:
_cby Surdas; edited by Kenneth E.Bryant ; translated by John Stratton Hawley
_bpoems from the early tradition /
260 _aLondon
_bMurty Classical Library of India
_c2015
270 _bLondon
_aHarverd Universitry Press, Cambridge,Massachusetts
300 _axlviii,1010p.
_c21cm(pbk)
490 _aMurty Classical Library of India
500 _aIncludes bibliographical references (pages 997-1000) and index.
600 _a Sūradāsa,
_d1483?-1563?
_xTranslations into English.
600 _a Krishna
_vPoetry.
700 _aBryant, Kenneth E.
700 _aHawley, John Stratton
942 _2ddc
_cEN
_mSUR
_h821
999 _c96259
_d96259